The kinematic method in geometrical problems

Αποθηκεύτηκε σε:
Λεπτομέρειες βιβλιογραφικής εγγραφής
Κύριοι συγγραφείς: Lyubich, Yu. I., (Yurri I.), Shor, L. A. (Συγγραφέας)
Άλλοι συγγραφείς: Shokurov, Vyacheslav V. 1950- (Μεταφραστής)
Μορφή: Βιβλίο
Γλώσσα:English
Russian
Δημοσίευση: Moscow ; Mir Publishers, 1980
Σειρά:Little mathematics library
Θέματα:
Ετικέτες: Προσθήκη ετικέτας
Δεν υπάρχουν, Καταχωρήστε ετικέτα πρώτοι!

MARC

LEADER 00000cam a2200000 a 4500
001 1/106244
008 150508s1980####ru | ||| |||| ||eng||
040 |a GR-MyUa  |b gre  |c GR-MyUa  |e AACR2 
041 1 |a eng  |h rus 
082 7 |a 531.112   |2 (23) 
100 1 |a Lyubich, Yu. I.,   |q (Yurri I.) 
245 1 3 |a The kinematic method in geometrical problems /   |c Yu. I. Lyubich, L. A. Shor ; translated from the Russian by Vladimir Shokurov.  
260 |a Moscow ;   |b Mir Publishers,   |c 1980  
300 |a 55 σ. ;   |c 21 εκ.  
490 1 |a (Little mathematics library)  
500 |a First published 1980. Revised from the 1976 Russian edition.  
650 0 |a Kinematics. 
700 1 |a Shor, L. A. ,  |e aut 
700 1 |a Shokurov, Vyacheslav V.  |d 1950-  |e trl 
830 0 |a Little mathematics library 
852 |a INST  |b SAMOS  |c MAG  |e 20150508  |h 531.112 LIU  |p 005300035614  |q 005300035614  |t BK  |y 0